|
|
|
|
| LEADER |
01318nab#a2200421#ar4500 |
| 001 |
000118656 |
| 003 |
SVKKK |
| 005 |
20161205143432.0 |
| 008 |
161205c2012 xo |||||||||||||||b|slo |
| FMT |
|
|
|
| 015 |
|
|
|a SNBRB2016/12
|
| 038 |
|
|
|a SVKKK
|
| 040 |
|
|
|a SVKKK
|b slo
|e AACR2
|
| 041 |
0 |
|
|b slo
|
| 044 |
|
|
|a xo
|c SK
|
| 080 |
|
|
|a 617.7
|2 2011
|
| 080 |
|
|
|a 005.745
|2 2011
|
| 090 |
|
|
|a IV.219426
|
| 245 |
0 |
0 |
|a Tuberkulózne uveitídy – stále aktuálny problém
|c J. Fabianová ... [et al.]
|
| 546 |
|
|
|a Res. slov.
|
| 611 |
2 |
4 |
|a Vedecké pracovné dni Slovenskej oftalmologickej spoločnosti a Sekcie ambulantných lekárov
|d (18.-19.5.2012 :
|c Košice, Slovensko)
|g kongres
|
| 650 |
0 |
4 |
|a oftalmológia
|
| 650 |
0 |
4 |
|a vedecké kongresy
|
| 650 |
0 |
4 |
|a tuberkulózna uveitída
|
| 650 |
0 |
4 |
|a očná tuberkulóza
|
| 650 |
0 |
4 |
|a abstrakty
|
| 700 |
1 |
|
|a Fabianová, J.
|4 aut
|
| 700 |
1 |
|
|a Čepilová, Z.
|4 aut
|
| 700 |
1 |
|
|a Králiková, A.
|4 aut
|
| 700 |
1 |
|
|a Porubská, M.
|4 aut
|
| 773 |
0 |
|
|t Vedecké pracovné dni Slovenskej oftalmologickej spoločnosti a Sekcie ambulantných lekárov 18.-19.5.2012 v Košiciach: zborník abstraktov
|d Košice : LAGARTO, s.r.o., 2012
|g S. 21
|z 9788097099923
|
| 958 |
|
|
|a ME
|
| 974 |
|
|
|a Va
|
| 992 |
|
|
|a RZB
|
| BAS |
|
|
|
| 852 |
|
|
|a SVKKK
|b BIB
|
| EXP |
|
|
|
| 998 |
|
|
|a SLO
|